012610000a22002290004500003001100000005001700011008004100028020001500069040003900084041000800123082001500131100002000146245010900166260004500275300001800320490002900338520045100367650003700818650002700855650006100882856008800943LK-CoMWRAF20240203103319.0230817t1999 ||||| |||| 00| 0 eng d a0850925924 aLK-CoMWRAFdLK-CoMWRAFeLK-CoMWRAF aeng a305.3bTAY aTaylor, Viviene aGender Mainstreaming in Development Planning:bA Reference Manual for Governments and Other Stakeholders aLondon:bCommonwealth Secretariat,c1999 a48 p. ; 30 cm aGender Management System aThe Gender Management System (GMS) is a holistic and system-wide approach to gender mainstreaming developed by the Commonwealth, for the use of governments in partnership with other stakeholders including civil society and the private sector. The GMS is a comprehensive network of structures, mechanisms and processes to enable governments and other organisations to contribute to gender equality through all policymaking, planning and activities aEquality- Commonwealth countries aGender and Development aSex discrimination against women- Commonwealth countries uhttps://www.thecommonwealth-ilibrary.org/index.php/comsec/catalog/view/702/702/5265